The Impact of COVID-19 on Hungarian Freight Transport

Preskúmanie vzniku a dopadu COVID-19 s osobitným zameraním na logistický sektor, predovšetkým dopravné činnosti. Zaoberanie sa nákladnou dopravou v Maďarsku.

Uložené v:
Podrobná bibliografia
Hlavný autor: Seres Huszárik, Erika
Ďalší autori: Mura, Ladislav, 1979-, Farkas, Iván Zsolt
Médium: Kapitola
Jazyk:English
Predmet:
Tagy: Pridať tag
Žiadne tagy, Buďte prvý, kto otaguje tento záznam!

MARC

LEADER 00000naa a2200000 4500
001 0305941
005 20260223122518.8
041 0 |a eng 
044 |a PL 
245 1 0 |a The Impact of COVID-19 on Hungarian Freight Transport  |c Erika Seres Huszárik, Ladislav Mura, Iván Zsolt Farkas 
520 |a Preskúmanie vzniku a dopadu COVID-19 s osobitným zameraním na logistický sektor, predovšetkým dopravné činnosti. Zaoberanie sa nákladnou dopravou v Maďarsku. 
610 2 0 |a doprava 
610 2 0 |a preprava 
610 2 0 |a doprava nákladná 
610 2 0 |a Maďarsko 
610 2 0 |a logistika 
610 2 0 |a obchod 
610 2 0 |a pandémia 
100 1 |a Seres Huszárik, Erika 
700 1 |a Mura, Ladislav, 1979- 
700 1 |a Farkas, Iván Zsolt